Lingkaran-lingkaran retak (Record no. 82058)

MARC details
000 -LEADER
fixed length control field 00600cam a22002291 4500
001 - CONTROL NUMBER
control field sa 68007828
003 - CONTROL NUMBER IDENTIFIER
control field DLC
005 - DATE AND TIME OF LATEST TRANSACTION
control field 20260227112526.0
008 - FIXED-LENGTH DATA ELEMENTS--GENERAL INFORMATION
fixed length control field 860130s1952 io a 000 1 ind
010 ## - LIBRARY OF CONGRESS CONTROL NUMBER
LC control number sa 68007828
025 ## - OVERSEAS ACQUISITION NUMBER
Overseas acquisition number PL480:Indo-6701
035 ## - SYSTEM CONTROL NUMBER
System control number (OCoLC)13084386
040 ## - CATALOGING SOURCE
Original cataloging agency DLC
Transcribing agency KyU
Modifying agency DLC
042 ## - AUTHENTICATION CODE
Authentication code premarc
050 00 - LIBRARY OF CONGRESS CALL NUMBER
Classification number PL5089.B27
Item number L5
100 1# - MAIN ENTRY--PERSONAL NAME
Personal name Balfas, M.
245 10 - TITLE STATEMENT
Title Lingkaran-lingkaran retak
Statement of responsibility, etc. [oleh] M. Balfas.
260 ## - PUBLICATION, DISTRIBUTION, ETC.
Place of publication, distribution, etc. Djakarta,
Name of publisher, distributor, etc. Balai Pustaka,
Date of publication, distribution, etc. 1952.
300 ## - PHYSICAL DESCRIPTION
Extent 118 p.
Other physical details illus.
Dimensions 20 cm.
490 0# - SERIES STATEMENT
Series statement Serie-sastera modern
500 ## - GENERAL NOTE
General note Short stories.

No items available.

Powered by Koha